[Event "World-chT Rapid"]
[Site "Dusseldorf"]
[Date "2023.08.28"]
[Round "11"]
[White "Lobkin, Bohdan"]
[Black "Raiko, Yossi"]
[Result "1/2-1/2"]
[WhiteElo "1795"]
[BlackElo "1841"]
[PlyCount "140"]
[EventDate "2023.08.26"]
[EventType "team-swiss (rapid)"]
[EventRounds "12"]
[EventCountry "GER"]
[SourceTitle "CBM 215 Extra"]
[Source "ChessBase"]
[SourceDate "2023.09.30"]
[SourceVersion "1"]
[SourceVersionDate "2023.09.30"]
[SourceQuality "1"]
[WhiteTeam "Germany and Friends"]
[BlackTeam "Rishon Le Zion"]
[WhiteTeamCountry "GER"]
[BlackTeamCountry "ISR"]

1. e4 c6 2. Nc3 d5 3. Nf3 dxe4 4. Nxe4 Nf6 5. Ng3 c5 6. Bc4 e6 7. 0-0 Nc6 8. c3 Be7 9. Qe2 0-0 10. Rd1 Qc7 11. d4 Rd8 12. Be3 cxd4 13. Nxd4 Nxd4 14. Bxd4 b6 15. Be5 Qb7 16. Rxd8+ Bxd8 17. Rd1 Bd7 18. Ba6 Qc6 19. c4 Be8 20. b4 Be7 21. h3 Rd8 22. Rc1 Qd7 23. c5 bxc5 24. bxc5 Qd5 25. Bc7 Bc6 26. f3 Bxc5+ 27. Kh2 Rd7 28. Bf4 Bf8 29. Bc4 Qa5 30. Bxe6 Re7 31. Rxc6 Rxe6 32. Rxe6 fxe6 33. Qxe6+ Kh8 34. Qf7 Qb4 35. Be3 a5 36. Qb3 Qe1 37. Nf5 Qb4 38. Qd3 Qb8+ 39. Kh1 Qe8 40. Bd4 Qe1+ 41. Kh2 Qe6 42. Bxf6 Qxf6 43. Qd5 g6 44. Qd4 Qxd4 45. Nxd4 Bd6+ 46. g3 Kg7 47. Kg2 Kf6 48. f4 Bc5 49. Nb3 Bb6 50. Kf3 a4 51. Nd2 Ke6 52. Ke4 Bf2 53. g4 Kd6 54. Nc4+ Kc5 55. Nb2 Kb5 56. Nxa4 Kxa4 57. f5 gxf5+ 58. gxf5 Ka3 59. f6 Kxa2 60. Kd5 Bh4 61. f7 Be7 62. Ke6 Bf8 63. Kd7 Kb3 64. h4 h5 65. Ke8 Bh6 66. f8Q Bxf8 67. Kxf8 Kc4 68. Kg7 Kd5 69. Kg6 Ke6 70. Kxh5 Kf7 1/2-1/2

[Event "Jerusalem Japhet Memorial op 4th"]
[Site "Jerusalem"]
[Date "2018.07.02"]
[Round "2"]
[White "Golberg, Igor"]
[Black "Raiko, Yossi"]
[Result "1-0"]
[WhiteElo "2132"]
[BlackElo "1887"]
[PlyCount "93"]
[EventDate "2018.07.01"]
[EventType "swiss"]
[EventRounds "7"]
[EventCountry "ISR"]
[SourceTitle "CBM 185 Extra"]
[Source "ChessBase"]
[SourceDate "2018.07.29"]
[SourceVersion "1"]
[SourceVersionDate "2018.07.29"]
[SourceQuality "1"]

1. d4 Nf6 2. c4 g6 3. Nc3 Bg7 4. e4 d6 5. Be2 0-0 6. Bg5 h6 7. Be3 e5 8. d5 a5 9. Qd2 Kh7 10. h4 Ng4 11. Bxg4 Bxg4 12. f3 Bc8 13. h5 g5 14. g4 Na6 15. Nge2 b6 16. 0-0 Nc5 17. b3 Rg8 18. Ng3 Bf8 19. Qc2 f6 20. a3 Bd7 21. b4 Nb7 22. Nf5 Qe8 23. Nb5 Qd8 24. Qf2 Bg7 25. Rfc1 Rf8 26. Nxc7 Qxc7 27. Bxb6 Qb8 28. Nxg7 Kxg7 29. c5 axb4 30. axb4 Rxa1 31. Rxa1 dxc5 32. bxc5 Qc8 33. Ra7 Rf7 34. Qa2 Bxg4 35. Ra8 Qd7 36. c6 Qd6 37. fxg4 Qb4 38. Qf2 Qxe4 39. Qf5 Qe1+ 40. Kg2 Qd2+ 41. Bf2 Qxd5+ 42. Kh2 Nd8 43. Qg6+ Kf8 44. Rxd8+ Qxd8 45. Bc5+ Re7 46. Qxf6+ Ke8 47. Qh8+ 1-0